000 01061nam2a2200265 4500
001 RU\NLR\bibl\1981148
005 20250616210941.0
010 _a978-5-8354-0886-3
_bкн. 2
_91000
021 _aRU
_b2012-93716
_96946
035 _a(NLR Aleph) 001969831
090 _a3940093
_c3940093
100 _a20121220d2012 |||y0rusy50 ca
101 0 _arus
102 _aRU
105 _ac |||||||||
200 1 _aГражданское право
_eистория и современность
_hкн. 2
210 _d2012
_aБ. м.
215 _a349, [1] с., [1] л. цв. портр.
320 _aБиблиогр. в подстроч. примеч.
461 0 _1001RU\NLR\bibl\1991129
_12001#$aИзбранные труды$vТ. 2
_94072041
_aЯковлев, В. Ф. (д-р юрид. наук, гражд. право ; 1932-2018)
_cМосква
_d2012
_fВ.Ф. Яковлев
_nСтатут
_tИзбранные труды
_y9785835408849
_vТ. 2
801 0 _aRU
_bNLR
_c20121220
_gRCR
801 1 _aRU
_bNLR
_c20121220
942 _cBOOK
980 _aNB